MDQL
is popping MORE tags! Check the
thread
!
Quizzes
Events
Quiz Creation
Community
Videos
Private Events
Remove Ads
Sign In
Join for FREE
Feedback
Dark Mode
Quiz Categories
Sports
Geography
Music
Movies
Television
Just For Fun
Miscellaneous
History
Literature
Language
Science
Gaming
Entertainment
Religion
Holiday
For Kids
Quiz Lab
Recent
Popular Today
Quiz Kudos Today
Editor Picks
Curator Picks
Quizzes by...
Day
Popularity
Type
Ratings
Length
Year
Community
Subscriptions
Recent Discussions
Orange Saloon
Badges
Playlists
Quests
Create
Leaderboards
Showdown
Live 5
Trivia Bingo
Activity
Puzzle Library
Sporcle Events
Private Events
Virtual Trivia
Globe League
Become a Host
Pub Owners
SporcleCon
Opinionation
Our Games
Videos
Blog
Mobile Apps
Partnerships
Remove Ads and Go Orange
Feedback
Sports
Athletes
MLB
NBA
NHL
NFL
Soccer
Sports Teams
WWE
NCAA
Football
Premier League
Basketball
Baseball
Hockey
Golf
Tennis
Cricket
Rugby
Auto Racing
Olympics
World Cup
Sports
Athletes
MLB
NBA
NHL
NFL
Soccer
Sports Teams
WWE
NCAA
Football
Premier League
Basketball
Baseball
Hockey
Golf
Tennis
Cricket
Rugby
Auto Racing
Olympics
World Cup
Random Quiz
Search Sporcle
×
Quiz Lab
Quiz Lab
Sports
Soccer
Type in answers that appear in a list
Type in answers that appear in a list
Classic
Best Score? Go Orange.
Champions League 2014-15 all Goal Scorers Stats
Can you name the Champions League 2014-15 Goal Scorers
By
Dan1996
20m
179 Questions
172 Plays
172 Plays
172 Plays
Comments
Comments
Give Quiz Kudos
Give Quiz Kudos
-
- Ratings
hide this ad
Replay
Link that replays current quiz
Next Quiz
Link to next quiz in quiz playlist
You Got
0%
They Got
Avg Score
39%
Avg Friend Score
Upgrade to see
Score Distribution
Jump to the score distribution portion of the page
Score
0/179
Timer
20:00
0
Plays Today
Team
Player
% Correct
Barcelona
Lionel Messi
96.5%
Barcelona
Neymar
94.8%
Barcelona
Luis Suárez
94.2%
Atlético Madrid
Mario Suárez
94.2%
Real Madrid
Cristiano Ronaldo
86.6%
Bayern Munich
Thomas Müller
86%
Bayern Munich
Robert Lewandowski
85.5%
Shakhtar Donetsk
Douglas Costa
83.1%
Arsenal
Olivier Giroud
83.1%
Bayern Munich
Arjen Robben
82.6%
Manchester City
Sergio Agüero
81.4%
Arsenal
Alexis Sánchez
79.1%
Juventus
Carlos Tevez
79.1%
Bayern Munich
Franck Ribéry
78.5%
Chelsea
Eden Hazard
78.5%
Barcelona
Ivan Rakitić
77.3%
Paris Saint-
Germain
Edinson Cavani
76.7%
Real Madrid
Karim Benzema
76.2%
Paris Saint-
Germain
Thiago Silva
76.2%
Juventus
Álvaro Morata
76.2%
Real Madrid
Gareth Bale
75.6%
Sporting CP
Jonathan Silva
75.6%
Sporting CP
Adrien Silva
75.6%
Atlético Madrid
Antoine Griezmann
75%
Borussia Dortmund
Marco Reus
75%
Paris Saint-
Germain
Zlatan Ibrahimović
75%
Arsenal
Aaron Ramsey
74.4%
Barcelona
Gerard Piqué
73.8%
Borussia Dortmund
Adrián Ramos
73.3%
Atlético Madrid
Mario Mandžukić
72.1%
Bayern Munich
Mario Götze
71.5%
Chelsea
John Terry
70.3%
Bayern Munich
Jérôme Boateng
69.8%
Chelsea
Cesc Fàbregas
69.2%
Juventus
Paul Pogba
68.6%
Real Madrid
James Rodríguez
68.6%
Chelsea
Gary Cahill
68%
Atlético Madrid
Koke
67.4%
Juventus
Andrea Pirlo
67.4%
Chelsea
Didier Drogba
66.9%
Borussia Dortmund
Pierre-Emerick Aubameyang
66.3%
Porto
Jackson Martínez
66.3%
Liverpool
Steven Gerrard
65.7%
Chelsea
Willian
65.1%
Schalke
Klaas-Jan Huntelaar
65.1%
Roma
Francesco Totti
64%
Zenit St. Petersburg
Hulk
63.4%
Paris Saint-
Germain
David Luiz
63.4%
Manchester City
Yaya Touré
62.2%
Chelsea
Branislav Ivanović
61%
Juventus
Arturo Vidal
60.5%
Arsenal
Danny Welbeck
59.9%
Atlético Madrid
Diego Godín
59.3%
Liverpool
Jordan Henderson
58.7%
Porto
Adrián
58.7%
Galatasaray
Wesley Sneijder
56.4%
Bayern Munich
Xabi Alonso
55.2%
Shakhtar Donetsk
Luiz Adriano
54.1%
Real Madrid
Marcelo
54.1%
Chelsea
Nemanja Matić
52.9%
Team
Player
% Correct
Manchester City
Samir Nasri
52.3%
Bayer Leverkusen
Stefan Kießling
51.7%
Manchester City
James Milner
51.7%
Chelsea
Ramires
51.7%
Juventus
Fernando Llorente
50.6%
Athletic Bilbao
Aritz Aduriz
50%
Bayern Munich
Thiago Alcântara
50%
Roma
Gervinho
48.3%
Paris Saint-
Germain
Blaise Matuidi
47.7%
Galatasaray
Burak Yılmaz
47.1%
Real Madrid
Javier Hernández
47.1%
Borussia Dortmund
Ciro Immobile
46.5%
Monaco
Dimitar Berbatov
46.5%
Arsenal
Alex Oxlade-Chamberlain
45.9%
Liverpool
Mario Balotelli
45.9%
Paris Saint-
Germain
Marco Verratti
45.9%
Monaco
João Moutinho
44.8%
Chelsea
Loïc Rémy
44.8%
Arsenal
Mikel Arteta
43.6%
CSKA Moscow
Seydou Doumbia
43%
Chelsea
André Schürrle
42.4%
Atlético Madrid
Arda Turan
41.3%
Arsenal
Lukas Podolski
40.7%
Manchester City
Pablo Zabaleta
40.7%
Chelsea
John Obi Mikel
39.5%
Bayer Leverkusen
Son Heung-min
37.8%
Basel
Fabian Frei
37.2%
Atlético Madrid
Raúl García
36%
Zenit St. Petersburg
Axel Witsel
36%
Bayern Munich
Medhi Benatia
36%
Arsenal
Kieran Gibbs
35.5%
Olympiacos
Kostas Mitroglou
34.9%
Liverpool
Rickie Lambert
34.9%
Bayer Leverkusen
Hakan Çalhanoğlu
34.3%
Bayern Munich
Xherdan Shaqiri
33.7%
Schalke
Benedikt Höwedes
30.8%
Schalke
Leroy Sané
30.8%
Porto
Yacine Brahimi
30.8%
Zenit St. Petersburg
Danny
30.2%
Monaco
Geoffrey Kondogbia
30.2%
Porto
Casemiro
30.2%
Ajax
Lasse Schöne
29.7%
Arsenal
Yaya Sanogo
29.7%
Anderlecht
Aleksandar Mitrović
28.5%
Bayern Munich
Sebastian Rode
27.9%
Schalke
Max Meyer
27.3%
Sporting CP
Nani
26.7%
CSKA Moscow
Ahmed Musa
26.2%
Porto
Ricardo Quaresma
26.2%
Ajax
Davy Klaassen
25%
Real Madrid
Álvaro Arbeloa
24.4%
Basel
Marco Streller
23.3%
Borussia Dortmund
Sokratis Papastathopoulos
23.3%
Athletic Bilbao
Markel Susaeta
22.7%
Porto
Cristian Tello
22.7%
Bayern Munich
Holger Badstuber
22.7%
Porto
Danilo
22.7%
Athletic Bilbao
Guillermo
22.1%
Porto
Héctor Herrera
21.5%
Malmö
Markus Rosenberg
20.9%
Team
Player
% Correct
Barcelona
Sandro
20.3%
Porto
Vincent Aboubakar
20.3%
Shakhtar Donetsk
Alex Teixeira
20.3%
Basel
Breel Embolo
19.2%
Ajax
Arkadiusz Milik
18.6%
Basel
Derlis González
18.6%
Sporting CP
Islam Slimani
18.6%
Shakhtar Donetsk
Darijo Srna
18.6%
Monaco
Yannick Ferreira Carrasco
18.6%
Roma
Juan Iturbe
17.4%
Olympiacos
Ibrahim Afellay
16.9%
Benfica
Eduardo Salvio
16.9%
Ajax
Anwar El Ghazi
16.3%
Monaco
Fabinho
16.3%
Olympiacos
Alejandro Domínguez
15.7%
Roma
Maicon
15.7%
Zenit St. Petersburg
Salomón Rondón
15.1%
Schalke
Eric Choupo-Moting
15.1%
Schalke
Christian Fuchs
14.5%
Monaco
Aymen Abdennour
14%
Anderlecht
Chancel Mbemba
12.8%
Anderlecht
Dennis Praet
12.2%
Athletic Bilbao
Mikel San José
11.6%
Atlético Madrid
Alessio Cerci
11.6%
Ajax
Lucas Andersen
11%
Olympiacos
Pajtim Kasami
10.5%
Schalke
Dennis Aogo
10.5%
Bayer Leverkusen
Kyriakos Papadopoulos
9.3%
Sporting CP
Carlos Mané
9.3%
Anderlecht
Anthony Vanden Borre
8.7%
Bayer Leverkusen
Giulio Donati
8.7%
Monaco
Lucas Ocampos
8.1%
CSKA Moscow
Vasili Berezutski
8.1%
Basel
Shkëlzen Gashi
7.6%
Benfica
Talisca
7.6%
Schalke
Chinedu Obasi
7.6%
Anderlecht
Andy Najar
7%
Shakhtar Donetsk
Taras Stepanenko
7%
Olympiacos
Alberto Botía
5.8%
Olympiacos
Arthur Masuaku
5.8%
CSKA Moscow
Bibras Natkho
5.8%
Maribor
Agim Ibraimi
5.8%
Olympiacos
David Fuster
5.2%
Olympiacos
Delvin N'Dinga
4.7%
Malmö
Simon Kroon
4.7%
Real Madrid
Álvaro Medrán
4.7%
Ludogorets Razgrad
Yordan Minev
4.7%
Sporting CP
Jefferson
4.7%
Maribor
Luka Zahović
4.7%
APOEL Nicosia
Gustavo Manduca
4.1%
Ludogorets Razgrad
Georgi Terziev
4.1%
Ludogorets Razgrad
Marcelinho
4.1%
Ludogorets Razgrad
Dani Abalo
4.1%
Galatasaray
Hakan Balta
4.1%
Basel
Marek Suchý
3.5%
Sporting CP
Mouhamadou-Naby Sarr
3.5%
Maribor
Damjan Bohar
3.5%
BATE Borisov
Dzyanis Palyakow
3.5%
BATE Borisov
Alyaksandr Karnitsky
2.9%
Quiz Playlist
Details
Report
Send in Message
Add To Playlist
Classic:
Type in answers that appear in a list
Last Updated: Feb 16, 2017
Quiz Scoreboard
CHALLENGE
Sign Up to Join the Scoreboard
Show All
Scores
Hide
Comments
May contain spoilers
Recently Published
Holiday 10x10 Sorting Gallery
by lukepisani3
Holiday
15m
Two Season TV Shows II
by 123Four
Television
10m
Image Sorting: Flags VI
by Barbecue
Geography
2m
More to Explore
Quiz From the Vault
Featured Blog Post
14 Easter Pick-up Lines to Find Eggs With
hide this ad
You Might Also Like...
Tags
Europe Quiz
Football Quiz
Soccer Quiz
Champions League
European Cup
European Football
UEFA Champions' League
Today's Top Quizzes in Sports
Browse Sports
hide this ad
Today's Top Quizzes in Soccer
Browse Soccer
Top Contributed Quizzes in Sports
1
Les meilleurs buteurs des matchs entre le PSG et l’OM
2
Les entraîneurs de l'OM et du PSG au 21e siècle
3
2022 World Cup Stars
4
Les joueurs passés par le PSG et l'OM
5
Players with Multiple 50 Home Run Seasons
6
FIFA Club World Cup Champions
7
Criteria MLB: Left Handed Sluggers
8
Les joueurs passés par le LOSC et le RC Lens
9
Top 10 NHL Goal Scorers of All Time
10
NBA Logic Puzzle 2.0
Explore More
Trending Topics
Disney
Anime
Harry Potter
Kpop
Marvel
NBA
Crossword
The Office
Country
Song
WWE
Pokémon
NFL
Soccer
Puzzle
hide this ad
More By:
Dan1996
Quiz
Plays
Rating
Category
Featured
Created
Bundesliga 2020-21 all Goal Scorers
2,489
4.50
Sports
Jun 15, 2021
100 Largest Cities in the European Union
2,170
4.08
Geography
Jun 9, 2014
UEFA Europa League Runners Up starting xis
1,776
5.00
Sports
Dec 10, 2014
Rangers FC first team squad
1,151
5.00
Sports
Oct 10, 2019
Premier League 2020-21 all Goal Scorers
1,052
5.00
Sports
May 27, 2021
Go to Creator's Profile
Score Distribution
Quiz Creator Spotlight
Dan1996
Follow
Send a Message
Quizzes Created
-
Created Quiz Play Count
-
More By This Creator
Popular Quizzes Today
1
Find the US States - No Outlines Minefield
2
Colored Red Africa Blitz
3
Find the 'City' Movie
4
The Countries of the World
5
5x2 Blitz: Bands
6
Find the Countries of Europe - No Outlines Minefield
7
Find the US States
8
US States
More Sports Quizzes
Just Be Close: Premier League IV
Quiz Lab
Trending Quizzes
Colored Red Europe Blitz I
Colored Red Africa Blitz II
Colored Red Europe Blitz II
Even More Two Season TV Shows
Colored Red Africa Blitz III
Recently Updated
Odd Team Out - Big 4 Players
pecheneg
Quick Pick: 20 Twenties
pecheneg
March Madness Men's Triple Doubles
pecheneg
How Do You Spell That?
pecheneg
Godzilla Movies
pecheneg
Grab Bag: 4-10 Letters
pecheneg
2024 March Madness Bracket
pecheneg
Famous TV Couples
Peacemaker
Champions League XIs: Real Madrid
pecheneg
Largest US Cities 1790-2010
pecheneg
Trending Topics
Kpop
Marvel
Crossword
Harry Potter
Disney
NBA
Anime
Puzzle
NFL
Song
The Office
Soccer
WWE
Pokémon
Country
Your Account Isn't Verified!
In order to create a playlist on Sporcle, you need to verify the email address you used during registration. Go to your
Sporcle Settings
to finish the process.
Report this User
Report this user for behavior that violates our
Community Guidelines
.
Details:
Send Report
Go to the Sporcle.com Mobile Site →
Comments